| 000 | 00652nam a22002417a 4500 | ||
|---|---|---|---|
| 003 | UA-OsUOA | ||
| 001 | 32313 | ||
| 007 | ta | ||
| 008 | 20050131b un ||||| |||| 00| 0 ukr d | ||
| 100 | _aШутой В. Е. | ||
| 090 |
_a947.047.2 _bШ97 |
||
| 942 | _cBK | ||
| 040 |
_aUA-OsUOA _brus _cUA-OsUOA _dUA-OsUOA |
||
| 245 | _aВоссоеденение Украины с Россией | ||
| 300 | _a63 с. | ||
| 955 | _a0 | ||
| 041 | _arus | ||
| 080 | _a947.047.2 | ||
| 260 |
_aМосква _bГос. изд-во Культурно-Просветительной литературы _c1954 |
||
| 044 | _aRU | ||
| 650 | 7 | _2UDC | |
| 999 |
_c318753 _d318753 |
||